Правила пожарной безопасности для энергетических предприятий: РД 153-34.0-03.301-00 (ВППБ 01-02-95*)

Bibliografske podrobnosti
Korporativna značnica: Единая энергетическая система России (ОАО РАО "ЕЭС России")
Izvleček:Правила введены в действие с 01 июня 2000 г.
Подготовлены Департаментом генеральной инспекции по эксплуатации электрических станций и сетей РАО «ЕЭС России». Изложены основные организационные и технические требования по пожарной безопасности для электроэнергетических предприятий Российского акционерного общества энергетики и электрификации «ЕЭС России». Учтены требования пожарной безопасности при эксплуатации технологического оборудования, зданий и сооружений энергетических предприятий. В настоящее издание Правил пожарной безопасности для энергетических предприятий ВППБ 01-02-95' (РД 153-34.0-03.301-00) внесены: изменение № 1, утвержденное РАО «ЕЭС России» 22.04.97 и ГУГПС МВД России 21.04.97, и изменение № 2, утвержденное РАО «ЕЭС России» 30.12.99 по согласованию с ГУГПС МВД России (письма от 24.09.99 № 20/2.1/2758 и от 21.12.99 № 20/2-3/3806).
Jezik:ruščina
Izdano: Москва, НЦ ЭНАС, 2006
Izdaja:3-е изд., с изменениями и дополнениями
Teme:
Format: Knjiga
KOHA link:https://koha.lib.tpu.ru/cgi-bin/koha/opac-detail.pl?biblionumber=99369

MARC

LEADER 00000nam0a2200000 4500
001 99369
005 20231031111658.0
010 |a 5931961410 
035 |a (RuTPU)RU\TPU\book\106604 
090 |a 99369 
100 |a 20060703d2006 k y0rusy50 ca 
101 0 |a rus 
102 |a RU 
105 |a y l 000zy 
200 1 |a Правила пожарной безопасности для энергетических предприятий  |e РД 153-34.0-03.301-00 (ВППБ 01-02-95*)  |f Российское акционерное общество энергетики и электрификации ЕЭС России 
205 |a 3-е изд., с изменениями и дополнениями 
210 |a Москва  |c НЦ ЭНАС  |d 2006 
215 |a 126 с. 
300 |a Правила введены в действие с 01 июня 2000 г. 
330 |a Подготовлены Департаментом генеральной инспекции по эксплуатации электрических станций и сетей РАО «ЕЭС России». Изложены основные организационные и технические требования по пожарной безопасности для электроэнергетических предприятий Российского акционерного общества энергетики и электрификации «ЕЭС России». Учтены требования пожарной безопасности при эксплуатации технологического оборудования, зданий и сооружений энергетических предприятий. В настоящее издание Правил пожарной безопасности для энергетических предприятий ВППБ 01-02-95' (РД 153-34.0-03.301-00) внесены: изменение № 1, утвержденное РАО «ЕЭС России» 22.04.97 и ГУГПС МВД России 21.04.97, и изменение № 2, утвержденное РАО «ЕЭС России» 30.12.99 по согласованию с ГУГПС МВД России (письма от 24.09.99 № 20/2.1/2758 и от 21.12.99 № 20/2-3/3806). 
610 1 |a энергетика 
610 1 |a энергетические предприятия 
610 1 |a пожарная безопасность 
610 1 |a топливо 
610 1 |a хранение 
610 1 |a транспортировка 
610 1 |a сооружения 
610 1 |a пылеприготовительные установки 
610 1 |a теплосиловые установки 
610 1 |a энергетические установки 
610 1 |a распределительные устройства 
610 1 |a оборудование 
610 1 |a складское хозяйство 
610 1 |a ремонт 
610 1 |a реконструкция 
610 1 |a пожары 
610 1 |a тушение 
610 1 |a средства пожаротушения 
610 1 |a водоснабжение 
610 1 |a правила 
610 1 |a РД 153-34.0-03.301-00 (ВППБ 01-02-95*) 
675 |a 620.9:658(083.13)  |v 3 
712 0 2 |a Единая энергетическая система России (ОАО РАО "ЕЭС России")  |c Российское открытое акционерное общество энергетики и электрификации  |c (Москва)  |2 stltpush  |3 (RuTPU)RU\TPU\col\26 
801 1 |a RU  |b 63413507  |c 20060703  |g PSBO 
801 2 |a RU  |b 63413507  |c 20100818  |g PSBO 
942 |c BK 
959 |a 59/20060626  |d 3  |e 86,00  |f НФ:2  |f УФ:1